[Event "BL 0708 (Women)"]
[Site "Germany"]
[Date "2008.04.12"]
[Round "10.3"]
[White "Willrodt, Sonja"]
[Black "Beltz, Franziska"]
[Result "1/2-1/2"]
[WhiteElo "1956"]
[BlackElo "2073"]
[PlyCount "42"]
[EventDate "2007.11.10"]
[EventType "team-tourn"]
[EventRounds "11"]
[EventCountry "GER"]
[SourceTitle "EXT 2009"]
[Source "ChessBase"]
[SourceDate "2008.11.26"]
[SourceVersion "1"]
[SourceVersionDate "2008.11.26"]
[SourceQuality "1"]
[WhiteTeam "Kiel Doppelbauer (W)"]
[BlackTeam "Leipzig Gohlis (W)"]
[WhiteTeamCountry "GER"]
[BlackTeamCountry "GER"]

1. Nf3 Nf6 2. c4 g6 3. Nc3 d5 4. e3 Bg7 5. d4 0-0 6. Qb3 c6 7. Be2 Qd6 8. Bd2 Nbd7 9. cxd5 Nxd5 10. Nxd5 Qxd5 11. Bc4 Qf5 12. 0-0 Nb6 13. Bd3 Qh5 14. Rfc1 Rd8 15. Rc5 Rd5 16. Rac1 Be6 17. Qa3 f5 18. Ba5 Rxc5 19. Qxc5 Nd5 20. Ba6 Bc8 21. Bc4 e6 1/2-1/2

[Event "BL 0708 (Women)"]
[Site "Germany"]
[Date "2008.01.27"]
[Round "7.3"]
[White "Zdebskaja, Natalia"]
[Black "Willrodt, Sonja"]
[Result "1-0"]
[WhiteElo "2313"]
[BlackElo "1956"]
[PlyCount "93"]
[EventDate "2007.11.10"]
[EventType "team-tourn"]
[EventRounds "11"]
[EventCountry "GER"]
[SourceTitle "EXT 2009"]
[Source "ChessBase"]
[SourceDate "2008.11.26"]
[SourceVersion "1"]
[SourceVersionDate "2008.11.26"]
[SourceQuality "1"]
[WhiteTeam "Rodewisch (W)"]
[BlackTeam "Kiel Doppelbauer (W)"]
[WhiteTeamCountry "GER"]
[BlackTeamCountry "GER"]

1. e4 e5 2. Nf3 Nc6 3. c3 Nf6 4. d4 d6 5. Bb5 Bd7 6. 0-0 Qe7 7. Re1 g6 8. Nbd2 Nd8 9. dxe5 dxe5 10. Bxd7+ Nxd7 11. Nc4 Bg7 12. b3 b5 13. Ba3 Qe6 14. Ne3 f6 15. Qd3 c6 16. Rad1 Bf8 17. Bxf8 Rxf8 18. Re2 Nb7 19. Red2 Ndc5 20. Qc2 Rd8 21. b4 Rxd2 22. Nxd2 Na4 23. c4 Nb6 24. cxb5 cxb5 25. Nb3 Rf7 26. Nc5 Nxc5 27. bxc5 Nc4 28. Nxc4 Qxc4 29. Qd2 Qd4 30. Qxd4 exd4 31. Rxd4 Rc7 32. Rd5 a5 33. Kf1 Ke7 34. Ke2 Ke6 35. g4 g5 36. Kd3 Rc6 37. Kd4 Rc7 38. Rd6+ Ke7 39. Kd5 a4 40. c6 b4 41. Kc5 b3 42. axb3 axb3 43. Rd3 Ra7 44. Rxb3 Ke6 45. Kb6 Ra2 46. c7 Rc2 47. Kb7 1-0

[Event "GER-chT Federal Cup (Women)"]
[Site "Germany"]
[Date "2007.??.??"]
[Round "5"]
[White "Willrodt, Sonja"]
[Black "Gussakovski, Jana"]
[Result "0-1"]
[WhiteElo "1925"]
[BlackElo "2080"]
[PlyCount "106"]
[EventDate "2007.06.??"]
[EventType "team-swiss"]
[EventRounds "5"]
[EventCountry "GER"]
[SourceTitle "EXT 2008"]
[Source "ChessBase"]
[SourceDate "2007.11.25"]
[SourceVersion "1"]
[SourceVersionDate "2007.11.25"]
[SourceQuality "1"]
[WhiteTeam "Schleswig Holstein"]
[BlackTeam "Wuerttemberg"]
[WhiteTeamCountry "GER"]
[BlackTeamCountry "GER"]

1. Nf3 g6 2. g3 Bg7 3. d4 f5 4. Bg2 Nf6 5. c3 e6 6. Nbd2 0-0 7. 0-0 Nc6 8. Qc2 d6 9. e4 Kh8 10. exf5 gxf5 11. Nc4 Qe8 12. Bg5 Ne4 13. Rad1 Ne7 14. Ne3 Ng6 15. Nc4 Bd7 16. Rfe1 Bb5 17. Na3 Bc6 18. Bc1 h6 19. c4 Qf7 20. b4 d5 21. Nb1 dxc4 22. Qxc4 Bd5 23. Qb5 Bxa2 24. Bb2 Bd5 25. Nc3 c6 26. Qd3 Rad8 27. Nxd5 cxd5 28. Ra1 a6 29. b5 axb5 30. Qxb5 Ra8 31. Ba3 Rfc8 32. Bb2 f4 33. Qe2 Rxa1 34. Rxa1 fxg3 35. fxg3 Qf8 36. Rf1 Qf5 37. Qd3 Qg4 38. Ne1 Nd6 39. Bf3 Qg5 40. Bg2 Nc4 41. Bc1 Qxc1 42. Qxg6 Qe3+ 43. Kh1 Nd2 44. Nc2 Rxc2 45. Qxc2 Nxf1 46. Bxf1 Bxd4 47. Qc8+ Kh7 48. Qd7+ Bg7 49. Qxb7 Qe4+ 50. Kg1 Kg6 51. Bb5 Bd4+ 52. Kf1 Qf3+ 53. Ke1 Bc3# 0-1

[Event "GER-chT Federal Cup (Women)"]
[Site "Germany"]
[Date "2007.??.??"]
[Round "1"]
[White "Willrodt, Sonja"]
[Black "Jahn, Constanze"]
[Result "0-1"]
[WhiteElo "1925"]
[BlackElo "2195"]
[PlyCount "78"]
[EventDate "2007.06.??"]
[EventType "team-swiss"]
[EventRounds "5"]
[EventCountry "GER"]
[SourceTitle "EXT 2008"]
[Source "ChessBase"]
[SourceDate "2007.11.25"]
[SourceVersion "1"]
[SourceVersionDate "2007.11.25"]
[SourceQuality "1"]
[WhiteTeam "Schleswig Holstein"]
[BlackTeam "Sachsen Anhalt"]
[WhiteTeamCountry "GER"]
[BlackTeamCountry "GER"]

1. Nf3 Nf6 2. d4 e6 3. g3 b6 4. Bg2 Bb7 5. c3 Be7 6. Nbd2 0-0 7. 0-0 c5 8. Nc4 b5 9. Qb3 Bxf3 10. Bxf3 bxc4 11. Qxc4 d5 12. Qd3 Nc6 13. a3 cxd4 14. cxd4 Qb6 15. Be3 a5 16. Rfc1 a4 17. Rc3 Na5 18. Qc2 Nb3 19. Rd1 Bd6 20. Rdd3 Nd7 21. Rc6 Qb8 22. Bd2 Nxd2 23. Qxd2 Rc8 24. Rxc8+ Qxc8 25. e4 Nb6 26. Rc3 Qd7 27. exd5 Nxd5 28. Rc4 Rc8 29. Rxc8+ Qxc8 30. Bxd5 exd5 31. Qa5 Qc4 32. Qd8+ Bf8 33. Qb6 h5 34. Kg2 g6 35. Kf3 Bg7 36. Ke3 Qc1+ 37. Kf3 Qd1+ 38. Ke3 Qe1+ 39. Kf3 Qe4# 0-1

[Event "GER-chT Federal Cup (Women)"]
[Site "Germany"]
[Date "2007.??.??"]
[Round "3"]
[White "Zschischang, Marine"]
[Black "Willrodt, Sonja"]
[Result "1/2-1/2"]
[WhiteElo "2030"]
[BlackElo "1925"]
[PlyCount "83"]
[EventDate "2007.06.??"]
[EventType "team-swiss"]
[EventRounds "5"]
[EventCountry "GER"]
[SourceTitle "EXT 2008"]
[Source "ChessBase"]
[SourceDate "2007.11.25"]
[SourceVersion "1"]
[SourceVersionDate "2007.11.25"]
[SourceQuality "1"]
[WhiteTeam "Niedersachsen"]
[BlackTeam "Schleswig Holstein"]
[WhiteTeamCountry "GER"]
[BlackTeamCountry "GER"]

1. d4 d5 2. c4 c6 3. Nc3 Nf6 4. Nf3 g6 5. e3 Bg7 6. Bd3 dxc4 7. Bxc4 0-0 8. 0-0 Nbd7 9. Qc2 Nb6 10. Bd3 Be6 11. Rd1 Nbd5 12. a3 Nb6 13. Ng5 Bc4 14. b3 Bxd3 15. Qxd3 Nfd5 16. Nxd5 cxd5 17. Nf3 Rc8 18. Bd2 a6 19. Rac1 Qd7 20. Ba5 Rxc1 21. Rxc1 Rc8 22. Rxc8+ Nxc8 23. a4 e6 24. Qc3 Ne7 25. Qc7 Qxc7 26. Bxc7 Nc6 27. Kf1 Kf8 28. Ke2 Ke7 29. Bb6 Bf6 30. Ne1 Kd7 31. f4 Be7 32. Nd3 f6 33. Bc5 Bd8 34. Ba3 b6 35. Bb2 Be7 36. Bc3 Bd6 37. g4 h6 38. Kf3 Ke7 39. h4 f5 40. g5 h5 41. Ke2 Kd7 42. Kd2 1/2-1/2

[Event "GER-chT Federal Cup (Women)"]
[Site "Braunfels"]
[Date "2006.05.06"]
[Round "4"]
[White "Dergileva, Larisa"]
[Black "Willrodt, Sonja"]
[Result "1-0"]
[WhiteElo "2189"]
[BlackElo "1932"]
[PlyCount "85"]
[EventDate "2006.05.04"]
[EventType "team-swiss"]
[EventRounds "5"]
[EventCountry "GER"]
[SourceTitle "EXT 2010"]
[Source "ChessBase"]
[SourceDate "2010.11.25"]
[SourceVersion "1"]
[SourceVersionDate "2010.11.25"]
[SourceQuality "1"]

1. e4 e6 2. d4 d5 3. Nc3 dxe4 4. Nxe4 Nf6 5. Bg5 Be7 6. Bxf6 Bxf6 7. Nf3 Nd7 8. c3 Be7 9. Qc2 b6 10. Bb5 0-0 11. Bc6 Rb8 12. 0-0-0 b5 13. d5 Rb6 14. h4 exd5 15. Neg5 g6 16. Bxd5 Bd6 17. Kb1 Nf6 18. Ka1 Nxd5 19. Rxd5 h6 20. h5 Kg7 21. Nxf7 Qf6 22. Nxd6 cxd6 23. hxg6 Qxg6 24. Qd2 Be6 25. Rxd6 Rxd6 26. Qxd6 Rf7 27. Re1 Rd7 28. Qe5+ Kh7 29. Nd4 Bc4 30. b3 Bd5 31. g3 a6 32. f4 Qd3 33. Qf5+ Qxf5 34. Nxf5 Kg6 35. Nd4 Rd6 36. Kb2 Kh5 37. Nf5 Rd7 38. Re5 Bf3 39. Ne3+ Kg6 40. Kc2 Kf6 41. c4 bxc4 42. bxc4 Rg7 43. Ra5 1-0

[Event "GER-chT Federal Cup (Women)"]
[Site "Braunfels"]
[Date "2006.05.05"]
[Round "3"]
[White "Willrodt, Sonja"]
[Black "Kickert, Germaine Helene"]
[Result "1/2-1/2"]
[WhiteElo "1932"]
[BlackElo "1913"]
[PlyCount "126"]
[EventDate "2006.05.04"]
[EventType "team-swiss"]
[EventRounds "5"]
[EventCountry "GER"]
[SourceTitle "EXT 2010"]
[Source "ChessBase"]
[SourceDate "2010.11.25"]
[SourceVersion "1"]
[SourceVersionDate "2010.11.25"]
[SourceQuality "1"]

1. Nf3 Nf6 2. d3 d5 3. g3 c5 4. Bg2 Nc6 5. 0-0 e5 6. Nbd2 Be6 7. c4 d4 8. Ng5 Bf5 9. Qa4 Qc7 10. f4 Bd7 11. Nde4 Nxe4 12. Nxe4 f5 13. Ng5 h6 14. Nh3 Bd6 15. Qd1 0-0-0 16. fxe5 Bxe5 17. Nf4 Ne7 18. a3 g5 19. Nd5 Nxd5 20. Bxd5 Bxg3 21. hxg3 Qxg3+ 22. Bg2 h5 23. Qe1 Qg4 24. Qf2 h4 25. Qf3 Qxf3 26. Bxf3 g4 27. Bd5 g3 28. Bf4 Rde8 29. Rae1 Bc6 30. Bxc6 bxc6 31. Kg2 Reg8 32. Kh3 Rg4 33. Bd6 Re8 34. Rxf5 Rg6 35. Bxc5 Rd8 36. Rf4 g2 37. Rg4 Rxg4 38. Kxg4 g1Q+ 39. Rxg1 Rg8+ 40. Kxh4 Rxg1 41. Bxa7 Rg2 42. Bxd4 Rxe2 43. Bc3 c5 44. Kg4 Re3 45. Kf4 Rxd3 46. Ke4 Rd1 47. Ke3 Kb7 48. Bd2 Rb1 49. Bc3 Rd1 50. Ke2 Rd7 51. Bd2 Kc6 52. Kd1 Rd4 53. b3 Rd3 54. Kc2 Rh3 55. a4 Rh2 56. Kd3 Rh3+ 57. Kc2 Rh2 58. a5 Rg2 59. Kd3 Rg3+ 60. Be3 Rh3 61. Kd2 Rh2+ 62. Kd3 Rh3 63. Kd2 Rh2+ 1/2-1/2

[Event "BL2 Gr03 0506 (Women)"]
[Site "Germany"]
[Date "2006.03.05"]
[Round "7.4"]
[White "Katscher, Kathleen"]
[Black "Willrodt, Sonja"]
[Result "0-1"]
[WhiteElo "1809"]
[BlackElo "1764"]
[PlyCount "148"]
[EventDate "2005.10.29"]
[EventType "team-tourn"]
[EventRounds "7"]
[EventCountry "GER"]
[SourceTitle "EXT 2007"]
[Source "ChessBase"]
[SourceDate "2006.11.23"]
[SourceVersion "1"]
[SourceVersionDate "2006.11.23"]
[SourceQuality "1"]
[WhiteTeam "Potsdam"]
[BlackTeam "Kiel Doppelbauer"]
[WhiteTeamCountry "GER"]
[BlackTeamCountry "GER"]

1. e4 e6 2. d4 d5 3. Nd2 Nf6 4. Bd3 dxe4 5. Nxe4 Nbd7 6. Bg5 Be7 7. Nxf6+ Nxf6 8. Nf3 c5 9. 0-0 Nd5 10. Bxe7 Qxe7 11. Ne5 0-0 12. Qh5 Nf6 13. Qh4 h6 14. Rfe1 cxd4 15. Qxd4 Rd8 16. Qh4 Qc5 17. Ng4 Qg5 18. Nxf6+ Qxf6 19. Qe4 Qxb2 20. Rab1 Qf6 21. Re3 g6 22. Rg3 Rd4 23. Qe3 Qf4 24. a3 Qxe3 25. Rxe3 b6 26. Be4 Rb8 27. h3 Bb7 28. Bd3 Kg7 29. f3 Rbd8 30. Kf2 Bd5 31. Rb4 Rxb4 32. axb4 Rc8 33. Ke2 f5 34. Kd2 Kf6 35. Re1 a5 36. Ra1 Ra8 37. bxa5 bxa5 38. Bb5 Ke5 39. Ra4 Kd6 40. c4 Bc6 41. Bxc6 Kxc6 42. Kd3 e5 43. Ke3 Kc5 44. Kd3 h5 45. Ke3 Kb6 46. g4 Rd8 47. gxf5 gxf5 48. Ke2 Rd4 49. Ke3 Ka6 50. Kf2 e4 51. fxe4 Rxe4 52. Kf3 Kb6 53. Kg3 Re3+ 54. Kf4 Rxh3 55. Kxf5 Rh1 56. Kg5 h4 57. Kg4 Rb1 58. Kxh4 Rb4 59. Ra1 Rxc4+ 60. Kg3 Re4 61. Kf3 Re7 62. Rb1+ Ka6 63. Ra1 Kb5 64. Rb1+ Ka4 65. Kf2 Re4 66. Kf3 Rb4 67. Ra1+ Kb5 68. Ke3 a4 69. Kd3 Rb3+ 70. Kc2 Kb4 71. Rb1 Kc4 72. Ra1 a3 73. Ra2 Rh3 74. Kb1 Kb3 0-1